00602nam a2200205Ia 450000500170000000800410001702000260005804000190008404100120010308200170011510000280013224500890016026000390024930000100028850400400029865000080033865100190034670000210036585000100038620230424101820.0140110s9999 xx 000 0 und d a9788189886707cRs.550 aLoreto College aEnglish a338.954bSIN aSingh,Ravishankar Kumar aWTO and IndiabChallenges and OpportunitiescRavishankar Kumar Singh, R.Shashi Kumar aDelhibAbhijeet Publicationsc2008 a188p. aIncludes bibliographical references aWTO aIndian Economy aKumar, R.Shashi  aLCLIB